=LDR 00000nam 2200000 4500 =001 INLIS000000000034756 =005 20130612140642 =008 ***********************************ind** =035 ##$$0010-061300000034756 =041 ##$$a ind =082 ##$$a 92 (Dinata, Oto Iskandar) =090 ##$$a 92 (Dinata, Oto Iskandar), Sal o =100 ##$$a Salim, Agus =245 ##$$a Salim, Agus =260 ##$$a 2007 $b Bandung =300 ##$$a 65 hlm, ilus, 20 cm =650 ##$$a Biografi Oto Iskandar Dinata 1897-1945 =850 ##$$a NBPNMAT